Bajo el signo del vínculo: una historia natural del apego

Gorde:
Xehetasun bibliografikoak
Egile nagusia: Cyrulnik, Boris (Egilea)
Formatua: Liburua
Hizkuntza:gaztelania
Argitaratua: Barcelona Gedisa 2005
Edizioa:1a. ed
Gaiak:
Etiketak: Etiketa erantsi
Etiketarik gabe, Izan zaitez lehena erregistro honi etiketa jartzen!

MARC

LEADER 00000nam a2200000 a 4500
001 UCJ1284
003 CL-VaPUC
008 061013e20050000SP |||||||||||||||||spa|d
020 |a 8497840429 
082 0 4 |a 152.4  |b CYR  |2 21 
100 0 |a Cyrulnik, Boris  |e author  |9 501805 
245 1 0 |a Bajo el signo del vínculo: una historia natural del apego 
250 |a 1a. ed 
300 |a 286 p 
942 |c BK 
945 |d 20061013 00:00:00  |a cmena 
260 |a Barcelona  |b Gedisa  |c 2005 
650 0 |a Apego   |9 490711 
650 0 |a Desarrollo individual   |9 307875 
650 0 |a Emociones   |9 265224 
650 0 |a Sentimientos   |9 334266 
650 0 |a Neuropsicología  |9 270837 
650 0 |a Relaciones interpersonales  |9 307056 
650 7 |a ETOLOGIA HUMANA  |2 CL-VaPUC  |9 501806 
583 |a last modification  |c 20061013 00:00:00  |k Rodrigo Vera 
999 |c 317907  |d 317905 
952 |0 0  |1 0  |4 0  |6 152_400000000000000_CYR_2005  |7 0  |8 A  |9 394982  |a BIBEDU  |b BIBEDU  |d 2019-11-22  |i 4284437  |l 4  |m 1  |o 152.4 CYR 2005  |p 4284437  |q 2025-05-26  |r 2025-04-23  |s 2025-04-23  |w 2019-11-22  |y BK  |k EBA 
952 |0 0  |1 0  |4 0  |6 152_400000000000000_CYR_2005  |7 0  |8 A  |9 394983  |a BIBEDU  |b BIBEDU  |d 2019-11-22  |i 4292650  |o 152.4 CYR 2005  |p 4292650  |r 2019-11-22  |w 2019-11-22  |y BK  |k EDI 
952 |0 0  |1 0  |4 0  |6 152_400000000000000_CYR_2005  |7 0  |8 A  |9 394984  |a BIBEDU  |b BIBEDU  |d 2019-11-22  |i 4292669  |l 2  |o 152.4 CYR 2005  |p 4292669  |r 2023-11-07  |s 2023-10-30  |w 2019-11-22  |y BK  |k EDI 
952 |0 0  |1 0  |4 0  |6 152_400000000000000_CYR_2005  |7 0  |8 A  |9 394985  |a BIBEDU  |b BIBEDU  |d 2019-11-22  |i 4291441  |o 152.4 CYR 2005  |p 4291441  |r 2019-11-22  |w 2019-11-22  |y BK  |k EDI